000 00265nam a2200097Ia 4500
001 651966
005 20250826154429.0
008 250824s9999 xx 000 0 und d
245 0 _aVATAN YAHUT SİLİSTRE GENÇLİK KLASİKLERİ
_cNAMIK KEMAL
260 _bTİMAŞ ÇOCUK
999 _c651966
_d651966